000 00600nam a22001932 4500
001 0000007531
005 20151217145839.0
008 080213s xx 000 0 eng d
020 _a 8125911545 :
_cKES 520
040 _aKABU
_cKABU
100 1 _aChadha, Anupriya.
_@0000158797
245 1 2 _aA Guide to educating children with learning disabilities /
_cAnupriya Chadha.
260 _aNew Delhi :
_bVikas,
_c2001.
300 _avii, 157 p.
650 0 _aChildren with disabilities
_xEducation.
_@0000158798
908 _a080213
950 _@1
999 _c3242
_d3242